000 00650ngm a22002770a 4500
001 PT41983
003 AR-LpoUNG
005 20210201232333.0
007 co ||u|||uuuuu
008 191001s1986||||xxu|||||||||||||||||eng d
037 _c$23.25
040 _aAR-LpoUNG
_bspa
_cAR-LpoUNG
_eaacr
041 _aeng
044 _axxu
082 0 _a781.65 787ele
100 1 _aCorea, Chick
245 1 0 _aElektric band
260 _aNew York :
_bGRP,
_c1986.
300 _a1 disco son. (ca. 50 min.)
650 4 _aMUSICA
651 4 _aDOCUMENTOS TEORICOS O METODOLOGICOS
653 _aCD
653 _aJAZZ
905 _a41983
942 _cCDDVD
999 _c53417
_d53417